000 00748nam a22002177a 4500
999 _c14170
_d14170
003 MIRAKIL
005 20201111121316.0
008 201111b tu ||||| |||| 00| 0 tur d
040 _aTR-AnCHP
_btur
_cTR-AnCHP
041 _atur
082 _aATA 956.1024
_bA72 1970
245 _aAtatürk konferansları II:
_b1964-1968/
260 _aAnkara:
_bTürk Tarih Kurumu,
_c1970.
300 _a161 s.:
_bfotg.;
_c24 sm.
490 _aAtatürk Kültür, Dil ve Tarih Yüksek Kurumu Türk Tarih Kurumu yayınları ;
_vXVII. Dizi -Sa.2.
504 _aBibliyografik bilgi içerir.
600 _aAtatürk, Mustafa Kemal
_d1881-1938
_xkonferanslar
600 _aAtatürk, Mustafa Kemal
_d1881-1938
_xTarih
650 0 _aTürkiye
_94
_xTarih
942 _2ddc
_cBKS